L'adolescente /

Saved in:
書目詳細資料
主要作者: Farnham, Marynia F. (Author)
格式: 圖書
語言:意大利语
出版: Milano ; Roma : Bompiani, stampa 1954
叢編:I nostri figli ; 8
主題:
標簽: 添加標簽
沒有標簽, 成為第一個標記此記錄!

MARC

LEADER 00000nam a22000007i 4500
001 IT\ICCU\CSA\0052188
003 ItRI
005 20250704145428.0
008 950525s1954 it |||||| ||||| |||||c
015 |2 IT  |a 1955 152 
024 7 0 |a 224957  |2 cubi 
040 |b ita  |c Arcigay Genova 
041 7 |a ita  |2 ISO-639-2 
100 1 |a Farnham, Marynia F.  |0 IT\ICCU\TO0V\171694  |4 aut 
240 1 4 |a The adolescent  |9 Farnham, Marynia F. 
245 1 2 |a L'adolescente /  |c di Marynia F. Farnham. 
260 |a Milano ;  |a Roma :  |b Bompiani,  |c stampa 1954 
300 |a 295 p. , 21 cm 
500 |a Trad. di Bruna Del Bianco 
650 7 |a Adolescenti  |x Psicologia 
830 2 |a I nostri figli ;  |v 8  |0 IT\ICCU\SBL\0485768 
942 |2 ddc  |c BK 
952 |0 0  |1 0  |2 ddc  |4 1  |6 B_SED03FARMAADO11  |7 1  |9 4507  |a MI  |b MI  |d 1987-05-31  |i 144  |l 0  |o B-SED03-FARMA-ADO11  |p CDOM144  |r 2025-07-03 11:38:17  |w 2025-07-03  |x ACQUISTO  |y BK 
981 1 |6 z01  |a i   |b xxxe  
982 1 |6 z01  |a n 
999 |c 3542  |d 3542